Financovanie cirkvi a náboženských spoločností s akcentom na možnosť uplatnenia zavedenia cirkevnej dane

Uplatňovanie možnej cirkevnej dane v Slovenskej republike a v zahraničí. Charakteristika, jej význam a vytvorenie podmienok pre uplatnenie teoretického modelu cirkevnej dane v Slovenskej republike. Analýza dopadu zavedenia modelov cirkevnej dane v Slovenskej republike a porovnanie týchto modelov. Ty...

Full description

Saved in:
Bibliographic Details
Main Author: Baláži, Peter
Format: Book Chapter
Language:Slovak
Subjects:
Tags: Add Tag
No Tags, Be the first to tag this record!

MARC

LEADER 00000naa a2200000 4500
001 0249728
005 20260205071630.0
041 0 |a slo 
044 |a SK 
245 1 0 |a Financovanie cirkvi a náboženských spoločností s akcentom na možnosť uplatnenia zavedenia cirkevnej dane  |c Peter Baláži 
520 |a Uplatňovanie možnej cirkevnej dane v Slovenskej republike a v zahraničí. Charakteristika, jej význam a vytvorenie podmienok pre uplatnenie teoretického modelu cirkevnej dane v Slovenskej republike. Analýza dopadu zavedenia modelov cirkevnej dane v Slovenskej republike a porovnanie týchto modelov. Typy cirkevnej dane. Zvedenie modelov cirkevnej dane a daňovej asignácie ako možný spôsob financovania cirkví a náboženských spoločností s Slovenskej republike. 
610 2 0 |a Slovensko 
610 2 0 |a cirkev 
610 2 0 |a financovanie 
610 2 0 |a asignácia daňová 
610 2 0 |a dane 
610 2 0 |a modely analytické ekonometrické 
610 2 0 |a dopad daňový 
100 1 |a Baláži, Peter